Zamestnanecká lojalita
Z obsahu: Lojalita zamestnancov. Kríza zamestnaneckej lojality. Hľadá sa zamestnanec, značka: lojálny. Prečo sa vernosť vytráca. Čo hovoria personalisti o porušovaní lojality. Zvyšovanie platov - len ako posledná možnosť. Riziká a riešenia. Vernosť "až po hrob".
Saved in:
| Main Author: | |
|---|---|
| Other Authors: | |
| Format: | Book Chapter |
| Language: | Slovak |
| Subjects: | |
| Tags: |
No Tags, Be the first to tag this record!
|
MARC
| LEADER | 00000naa$a2200000$$$4500 | ||
|---|---|---|---|
| 001 | 0052950 | ||
| 005 | 20231009072856.1 | ||
| 041 | 0 | |a slo | |
| 044 | |a SK | ||
| 245 | 1 | 0 | |a Zamestnanecká lojalita |c František Múčka, Jozef Andacký |
| 520 | |a Z obsahu: Lojalita zamestnancov. Kríza zamestnaneckej lojality. Hľadá sa zamestnanec, značka: lojálny. Prečo sa vernosť vytráca. Čo hovoria personalisti o porušovaní lojality. Zvyšovanie platov - len ako posledná možnosť. Riziká a riešenia. Vernosť "až po hrob". | ||
| 610 | 2 | 0 | |a zamestnanci |
| 610 | 2 | 0 | |a správanie |
| 610 | 2 | 0 | |a fluktuácia |
| 610 | 2 | 0 | |a zamestnávatelia |
| 610 | 2 | 0 | |a manažment personálny |
| 100 | 1 | |a Múčka, František | |
| 700 | 1 | |a Andacký, Jozef | |